| Tag |
First Indicator |
Second Indicator |
Subfields |
| LEADER |
00000cam a2200000 4500 |
| 001 |
in00000030592 |
| 005 |
20151007061645.0 |
| 008 |
770512s1936 nyuf 00010 eng |
| 010 |
|
|
|a 37013684
|
| 035 |
|
|
|a (OCoLC)02959001
|
| 035 |
|
|
|9 AAD2690AM
|
| 040 |
|
|
|a DLC
|c MIA
|d TXA
|d UtOrBLW
|
| 049 |
|
|
|a TXAM
|c [156017]
|
| 050 |
|
0 |
|a NE860
|b .K63
|
| 082 |
0 |
|
|a 760
|
| 092 |
|
|
|a 760
|b K62u
|
| 100 |
1 |
|
|a Kistler, Aline.
|
| 245 |
1 |
0 |
|a Understanding prints ;
|b a common sense view of art /
|c by Aline Kistler.
|
| 264 |
|
1 |
|a New York :
|b Associated American artists,
|c [1936]
|
| 264 |
|
4 |
|c [©1936]
|
| 300 |
|
|
|a 8 pages ., 207 pages :
|b frontispiece, plates. ;
|c 24 cm.
|
| 336 |
|
|
|a text
|b txt
|2 rdacontent
|
| 337 |
|
|
|a unmediated
|b n
|2 rdamedia
|
| 338 |
|
|
|a volume
|b nc
|2 rdacarrier
|
| 650 |
|
0 |
|a Engraving.
|
| 999 |
|
|
|a MARS
|
| 999 |
f |
f |
|s 2e3265ac-221a-3758-9bff-50a114459eb4
|i 9540bd9a-46da-394e-bbfc-73126fa356f5
|t 0
|
| 952 |
f |
f |
|p normal
|a Texas A&M University
|b College Station
|c Sterling C. Evans Library
|d Evans: Library Stacks
|t 0
|e NE860 .K63
|h Library of Congress classification
|i unmediated -- volume
|m A14801159362
|
| 998 |
f |
f |
|a NE860 .K63
|t 0
|l Evans: Library Stacks
|